| 000 | 00813nam a2200217 a 4500 | ||
|---|---|---|---|
| 003 | 0 | ||
| 005 | 20250219150213.0 | ||
| 008 | 110621s19uu xx 00 eng d | ||
| 050 |
_aPHS SB 211.C77 _b.Uy1 2011 |
||
| 100 | _aUy, Ian Winston Dale Q. | ||
| 245 |
_aThe effect of fermented taro on the growth of Salmonella enteritidis / _cIan Winston Dale Q. Uy. |
||
| 260 |
_aLas PiƱas City, Philippines : _bSouthville International School and Colleges, _c2011. |
||
| 300 |
_a31 pages : _billustrations ; _c28 cm. |
||
| 504 | _aIncludes bibliographical references. | ||
| 650 |
_aTaro _xSalmonella enteritidis _xExperimental. |
||
| 650 | _aTaro (Colocasia esculenta). | ||
| 650 | _aFermented foods. | ||
| 650 |
_aSalmonella enteritidis _xGrowth and development. |
||
| 650 | _aFood microbiology. | ||
| 942 |
_2lcc _cPASS |
||
| 999 |
_c98594 _d98594 |
||